प्रतिनिधि मलयालम कहानियाँ / (Record no. 67693)
[ view plain ]
| 000 -LEADER | |
|---|---|
| fixed length control field | 04025nam a22004337a 4500 |
| 005 - DATE AND TIME OF LATEST TRANSACTION | |
| control field | 2010101908158.0 |
| 008 - FIXED-LENGTH DATA ELEMENTS--GENERAL INFORMATION | |
| fixed length control field | 101019t xxu||||| |||| 00| 0 hin d |
| 010 ## - LCCN (DPL NO) | |
| LC control number | HIN-96233 B-486920-930 |
| 020 ## - INTERNATIONAL STANDARD BOOK NUMBER | |
| Terms of availability | 400.00 |
| International Standard Book Number | 9788173096587 |
| 035 ## - SYSTEM CONTROL NUMBER | |
| System control number | HN-68579 B-486920-930 |
| 037 ## - SOURCE OF ACQUISITION | |
| Source of stock number/acquisition | DBAD / PUB |
| 037 ## - SOURCE OF ACQUISITION | |
| Source of stock number/acquisition | ब्लूबेरी बुक्स |
| 040 ## - CATALOGING SOURCE | |
| Original cataloging agency | DPL |
| Language of cataloging | HN |
| 082 ## - DEWEY DECIMAL CLASSIFICATION NUMBER | |
| Classification number | क |
| 100 ## - MAIN ENTRY--PERSONAL NAME | |
| 9 (RLIN) | 23632 |
| 245 ## - TITLE STATEMENT | |
| Title | प्रतिनिधि मलयालम कहानियाँ / |
| Statement of responsibility, etc | पी.के.राधामणि द्वारा संपादित |
| 260 ## - PUBLICATION, DISTRIBUTION, ETC. (IMPRINT) | |
| Place of publication, distribution, etc | नयी दिल्ली |
| Name of publisher, distributor, etc | सस्ता साहित्य |
| Date of publication, distribution, etc | 2012 |
| 270 ## - ADDRESS | |
| City | नयी दिल्ली |
| Address | एन-77,पहली मंजिल कनॉट सर्कस |
| Postal code | 110001 |
| Telephone number | 23310505, 41523565 |
| Electronic mail address | www.sastasahityamandal.org, |
| 300 1# - PHYSICAL DESCRIPTION | |
| Extent | 311पृ. |
| Dimensions | 22सेमी (सजिल्द) |
| 650 ## - SUBJECT ADDED ENTRY--TOPICAL TERM | |
| 9 (RLIN) | 657 |
| Topical term or geographic name as entry element | हिन्दी लघुकथाएँ |
| 650 ## - SUBJECT ADDED ENTRY--TOPICAL TERM | |
| 9 (RLIN) | 34273 |
| 700 ## - ADDED ENTRY--PERSONAL NAME | |
| 9 (RLIN) | 48690 |
| Personal name | राधामणि,पी.के. |
| 710 ## - ADDED ENTRY--CORPORATE NAME | |
| 9 (RLIN) | 34811 |
| 710 ## - ADDED ENTRY--CORPORATE NAME | |
| 9 (RLIN) | 35049 |
| 942 ## - ADDED ENTRY ELEMENTS (KOHA) | |
| Source of classification or shelving scheme | Dewey Decimal Classification |
| Item type | Hindi Books |
| Call number suffix | प्रतिनि |
| Classification part | क |
| Withdrawn status | Lost status | Source of classification or shelving scheme | Damaged status | Not for loan | Collection code | Home library | Current library | Date acquired | Source of acquisition | Cost, normal purchase price | Total Checkouts | Full call number | Barcode | Date last seen | Copy number | Cost, replacement price | Koha item type | Total Renewals |
|---|---|---|---|---|---|---|---|---|---|---|---|---|---|---|---|---|---|---|
| Dewey Decimal Classification | Fiction | Central Library | Central Library | 10/01/2013 | ब्लूबेरी बुक्स/9382/27.08.12/03/27.07.12/19.09.12 | 400.00 | क प्रतिनि | B-486920 | 10/01/2013 | 1 | 400.00 | Hindi Books | ||||||
| Dewey Decimal Classification | Not For Loan | Fiction | D.B.Act.Division | D.B.Act.Division | 08/06/2012 | DBAB/PUB | 400.00 | क प्रतिनि | HN-68579 | 08/06/2012 | 1 | 400.00 | Hindi Books | |||||
| Dewey Decimal Classification | Fiction | Janak Puri | Janak Puri | 10/01/2013 | ब्लूबेरी बुक्स/9382/27.08.12/03/27.07.12/19.09.12 | 400.00 | 7 | क प्रतिनि | B-486926 | 25/02/2021 | 1 | 400.00 | Hindi Books | |||||
| Dewey Decimal Classification | Fiction | Karol Bagh | Karol Bagh | 10/01/2013 | ब्लूबेरी बुक्स/9382/27.08.12/03/27.07.12/19.09.12 | 400.00 | क प्रतिनि | B-486928 | 10/01/2013 | 1 | 400.00 | Hindi Books | ||||||
| Dewey Decimal Classification | Fiction | Kasturba Gandhi Marg | Kasturba Gandhi Marg | 10/01/2013 | ब्लूबेरी बुक्स/9382/27.08.12/03/27.07.12/19.09.12 | 400.00 | 1 | क प्रतिनि | B-486924 | 17/03/2025 | 1 | 400.00 | Hindi Books | |||||
| Dewey Decimal Classification | Fiction | Mobile Library | Mobile Library | 10/01/2013 | ब्लूबेरी बुक्स/9382/27.08.12/03/27.07.12/19.09.12 | 400.00 | क प्रतिनि | B-486921 | 10/01/2013 | 2 | 400.00 | Hindi Books | ||||||
| Dewey Decimal Classification | Fiction | Mobile Library | Mobile Library | 10/01/2013 | ब्लूबेरी बुक्स/9382/27.08.12/03/27.07.12/19.09.12 | 400.00 | क प्रतिनि | B-486922 | 10/01/2013 | 2 | 400.00 | Hindi Books | ||||||
| Dewey Decimal Classification | Fiction | New Rohtak Road | New Rohtak Road | 10/01/2013 | ब्लूबेरी बुक्स/9382/27.08.12/03/27.07.12/19.09.12 | 400.00 | क प्रतिनि | B-486929 | 10/01/2013 | 1 | 400.00 | Hindi Books | ||||||
| Dewey Decimal Classification | Fiction | Patel Nagar | Patel Nagar | 10/01/2013 | ब्लूबेरी बुक्स/9382/27.08.12/03/27.07.12/19.09.12 | 400.00 | 3 | क प्रतिनि | B-486923 | 28/05/2022 | 1 | 400.00 | Hindi Books | 2 | ||||
| Dewey Decimal Classification | Fiction | Peshwa Road | Peshwa Road | 10/01/2013 | ब्लूबेरी बुक्स/9382/27.08.12/03/27.07.12/19.09.12 | 400.00 | क प्रतिनि | B-486925 | 10/01/2013 | 1 | 400.00 | Hindi Books | ||||||
| Dewey Decimal Classification | Fiction | Sarojini Nagar | Sarojini Nagar | 10/01/2013 | ब्लूबेरी बुक्स/9382/27.08.12/03/27.07.12/19.09.12 | 400.00 | क प्रतिनि | B-486927 | 10/01/2013 | 1 | 400.00 | Hindi Books | ||||||
| Dewey Decimal Classification | Fiction | Shahdara Branch | Shahdara Branch | 10/01/2013 | ब्लूबेरी बुक्स/9382/27.08.12/03/27.07.12/19.09.12 | 400.00 | क प्रतिनि | B-486930 | 10/01/2013 | 1 | 400.00 | Hindi Books |
